[Event "St Petersburg Summer op"]
[Site "St Petersburg"]
[Date "2016.08.24"]
[Round "8"]
[White "Azimov, Ilyas"]
[Black "Bezstrakhov, Dmitry"]
[Result "0-1"]
[WhiteElo "2136"]
[BlackElo "1981"]
[PlyCount "110"]
[EventDate "2016.08.17"]
[EventType "swiss"]
[EventRounds "9"]
[EventCountry "RUS"]
[SourceTitle "CBM 174 Extra"]
[Source "ChessBase"]
[SourceDate "2016.10.10"]
[SourceVersion "1"]
[SourceVersionDate "2016.10.10"]
[SourceQuality "1"]

1. e4 e6 2. d4 d5 3. Nc3 Nf6 4. Bd3 b6 5. Nf3 Ba6 6. Bg5 Bxd3 7. Qxd3 Be7 8. e5 Ng8 9. h4 a6 10. Ne2 h6 11. Bxe7 Nxe7 12. Nf4 c5 13. c3 Qd7 14. Nh5 Rg8 15. Qh7 Kf8 16. Rh3 Qb5 17. 0-0-0 Ng6 18. Rg3 Nc6 19. Rxg6 fxg6 20. Qxg6 Nd8 21. g4 Qe2 22. Nh2 Ra7 23. Nf4 Qe4 24. Qxe4 dxe4 25. dxc5 Kf7 26. cxb6 Rb7 27. Rd6 g5 28. hxg5 hxg5 29. Ne2 Ke7 30. Rd4 Rf8 31. Nf1 Rxf2 32. Nfg3 e3 33. Re4 Rf3 34. Kc2 Rxb6 35. b4 Nf7 36. a4 Rb8 37. Kb3 Kd7 38. Nh5 Rh3 39. Nf6+ Ke7 40. Nd4 Nxe5 41. Rxe5 Kxf6 42. Rxe6+ Kf7 43. Re5 Re8 44. Rxg5 Re4 45. Kc2 e2 46. Nxe2 Rxe2+ 47. Kb3 Rg3 48. b5 axb5 49. axb5 Ke7 50. b6 Kd7 51. Rc5 Re6 52. Rb5 Kc8 53. Kb4 Kb7 54. Kc5 Rxg4 55. c4 Rc6+ 0-1

[Event "Chigorin Memorial 23rd"]
[Site "St Petersburg"]
[Date "2015.10.06"]
[Round "4"]
[White "Bezstrakhov, Dmitry"]
[Black "Yakimenko, Alexander A"]
[Result "1-0"]
[WhiteElo "1903"]
[BlackElo "2090"]
[PlyCount "119"]
[EventDate "2015.10.03"]
[EventType "swiss"]
[EventRounds "9"]
[EventCountry "RUS"]
[SourceTitle "CBM 168 Extra"]
[Source "ChessBase"]
[SourceDate "2015.10.29"]
[SourceVersion "1"]
[SourceVersionDate "2015.10.29"]
[SourceQuality "1"]

1. e4 e5 2. Nf3 Nc6 3. Bb5 a6 4. Ba4 d6 5. d4 Bd7 6. c4 g6 7. Nc3 Bg7 8. Bg5 f6 9. Be3 Nh6 10. h3 0-0 11. 0-0 Nf7 12. d5 Ne7 13. Rc1 Bh6 14. Bxh6 Nxh6 15. Bxd7 Qxd7 16. b4 a5 17. a3 g5 18. c5 axb4 19. axb4 Nf7 20. Nh2 Kg7 21. Qh5 Ra3 22. Ng4 Rb3 23. b5 Rd8 24. c6 Qc8 25. Ne3 b6 26. Qd1 Ra3 27. Nc4 Ra8 28. Ra1 f5 29. f3 Nh6 30. Qd2 f4 31. Rxa8 Qxa8 32. Qb2 Qc8 33. Ra1 Nf7 34. Ra7 Re8 35. Na2 Ng6 36. Nb4 Kf6 37. Na6 Re7 38. Qa1 Nh4 39. Kh2 g4 40. hxg4 Ng5 41. Qf1 h5 42. Rxc7 Qh8 43. Kg1 hxg4 44. fxg4 Nxe4 45. g5+ Nxg5 46. Rxe7 Kxe7 47. c7 Nf5 48. Nd2 Ne3 49. Qc1 Qg8 50. Kf2 Ne4+ 51. Nxe4 Qxg2+ 52. Ke1 Qf1+ 53. Kd2 Nc4+ 54. Kc2 Qe2+ 55. Nd2 Kd7 56. Kc3 Nxd2 57. Qxd2 Qxb5 58. Qd3 Qa5+ 59. Kb3 e4 60. Qh3+ 1-0

[Event "Chigorin Memorial 23rd"]
[Site "St Petersburg"]
[Date "2015.10.05"]
[Round "3"]
[White "Tsyrendashiev, Bato"]
[Black "Bezstrakhov, Dmitry"]
[Result "0-1"]
[WhiteElo "1631"]
[BlackElo "1903"]
[PlyCount "60"]
[EventDate "2015.10.03"]
[EventType "swiss"]
[EventRounds "9"]
[EventCountry "RUS"]
[SourceTitle "CBM 168 Extra"]
[Source "ChessBase"]
[SourceDate "2015.10.29"]
[SourceVersion "1"]
[SourceVersionDate "2015.10.29"]
[SourceQuality "1"]

1. e4 c5 2. Nf3 d6 3. d4 cxd4 4. Nxd4 a6 5. Nc3 Nf6 6. g4 Bxg4 7. f3 Bd7 8. Be3 Nc6 9. Qd2 g6 10. 0-0-0 Bg7 11. Be2 0-0 12. f4 Qc7 13. f5 Nxd4 14. Bxd4 gxf5 15. exf5 Bxf5 16. Qg5 Bg6 17. Kb1 e5 18. Be3 d5 19. Nxd5 Nxd5 20. Ka1 Nb4 21. Bd3 e4 22. Bf4 Qb6 23. Be5 Qe6 24. c4 Bxe5 25. Bf1 e3 26. Rc1 Bg7 27. a3 Rfe8 28. Be2 Qc6 29. h4 Qa4 30. h5 Qxa3# 0-1

[Event "Chigorin Memorial 23rd"]
[Site "St Petersburg"]
[Date "2015.10.04"]
[Round "2"]
[White "Bezstrakhov, Dmitry"]
[Black "Lagashin, Pavel"]
[Result "0-1"]
[WhiteElo "1903"]
[BlackElo "2107"]
[PlyCount "126"]
[EventDate "2015.10.03"]
[EventType "swiss"]
[EventRounds "9"]
[EventCountry "RUS"]
[SourceTitle "CBM 168 Extra"]
[Source "ChessBase"]
[SourceDate "2015.10.29"]
[SourceVersion "1"]
[SourceVersionDate "2015.10.29"]
[SourceQuality "1"]

1. d4 Nf6 2. Nf3 g6 3. Nc3 d5 4. Bf4 Bg7 5. Qd2 Ne4 6. Qd3 Nc6 7. Nb5 e5 8. Nxe5 Nxe5 9. Bxe5 Bxe5 10. dxe5 c6 11. Nd6+ Nxd6 12. exd6 Qxd6 13. 0-0-0 Qf4+ 14. e3 Qxf2 15. e4 Bg4 16. Qd4 Qxd4 17. Rxd4 Be6 18. exd5 Bxd5 19. Bc4 Bxc4 20. Rxc4 0-0-0 21. Re1 Rhe8 22. Rce4 Rxe4 23. Rxe4 Kd7 24. g4 Re8 25. Rd4+ Kc7 26. Rf4 Re7 27. g5 Kd6 28. a4 Ke5 29. Rf6 h6 30. h4 hxg5 31. hxg5 Kd4 32. Kd2 Kc5 33. c3 a5 34. b3 Kb6 35. Kd3 Re5 36. Rxf7 Rxg5 37. Rg7 Rg1 38. Kc4 g5 39. Rg6 g4 40. Rg7 g3 41. Rg6 g2 42. Rg7 Ka6 43. Rg8 Ka7 44. Rg7 Kb6 45. Rg8 Kc7 46. Rg7+ Kd6 47. Rg6+ Ke5 48. Kc5 Rc1 49. Rg5+ Ke4 50. Rxg2 Rxc3+ 51. Kd6 Rxb3 52. Rg5 Kd4 53. Rxa5 c5 54. Kc7 c4 55. Ra7 c3 56. Rxb7 Rxb7+ 57. Kxb7 c2 58. a5 c1Q 59. a6 Qb1+ 60. Ka8 Kc5 61. a7 Kb6 62. Kb8 Kc6+ 63. Ka8 Qb7# 0-1

[Event "St Petersburg rapid"]
[Site "St Petersburg"]
[Date "2015.03.14"]
[Round "1"]
[White "Bezstrakhov, Dmitry"]
[Black "Goganov, Aleksey"]
[Result "0-1"]
[WhiteElo "1899"]
[BlackElo "2598"]
[PlyCount "120"]
[EventDate "2015.03.14"]
[EventType "swiss (rapid)"]
[EventRounds "9"]
[EventCountry "RUS"]
[SourceTitle "CBM 165 Extra"]
[Source "ChessBase"]
[SourceDate "2015.04.21"]
[SourceVersion "1"]
[SourceVersionDate "2015.04.21"]
[SourceQuality "1"]

1. e4 e5 2. Nf3 Nc6 3. Bb5 a6 4. Bxc6 dxc6 5. 0-0 Qf6 6. h3 c5 7. d3 Bd6 8. a4 Ne7 9. Bg5 Qe6 10. Bxe7 Qxe7 11. c4 a5 12. Nc3 c6 13. Qd2 0-0 14. Rae1 h6 15. Qe3 Be6 16. b3 Rad8 17. Rd1 Bc7 18. Kh1 Bc8 19. Rfe1 b6 20. Qe2 Rfe8 21. g4 h5 22. Rg1 hxg4 23. hxg4 g6 24. Rg3 Kg7 25. Kg2 Rh8 26. Rh1 Rxh1 27. Kxh1 Qd6 28. Ne1 Qf6 29. Ng2 Qg5 30. Qe3 Qxe3 31. Nxe3 Be6 32. Kg2 Kf6 33. Nf1 Kg7 34. Nh2 f6 35. Re3 Bd6 36. Rg3 Bf8 37. Kf1 Kf7 38. Ke2 Bh6 39. f3 Bf4 40. Rg2 Rh8 41. Nf1 Rh1 42. Nd1 b5 43. Nf2 Rh8 44. Kd1 bxa4 45. bxa4 Rb8 46. Kc2 Rb4 47. Nh3 Bh6 48. Kc3 Rxa4 49. Rb2 Ra1 50. Rb7+ Kf8 51. Ng3 Be3 52. Ra7 a4 53. Kb2 Bd4+ 54. Kc2 Ra2+ 55. Kb1 Rh2 56. Rxa4 Rxh3 57. Ne2 Rxf3 58. Nxd4 cxd4 59. Kc2 Bxg4 60. Ra6 Bd7 0-1

[Event "Chigorin Memorial 22nd"]
[Site "St Petersburg"]
[Date "2014.10.19"]
[Round "2"]
[White "Burmakin, Vladimir"]
[Black "Bezstrakhov, Dmitry"]
[Result "1-0"]
[WhiteElo "2583"]
[BlackElo "1987"]
[PlyCount "125"]
[EventDate "2014.10.18"]
[EventType "swiss"]
[EventRounds "9"]
[EventCountry "RUS"]
[SourceTitle "EXT 2015"]
[Source "ChessBase"]
[SourceDate "2014.11.20"]
[SourceVersion "1"]
[SourceVersionDate "2014.11.20"]
[SourceQuality "1"]

1. d4 b6 2. Nf3 Bb7 3. g3 Nf6 4. Bg2 e6 5. c4 Na6 6. 0-0 Be7 7. Nc3 0-0 8. d5 Bb4 9. dxe6 fxe6 10. Qc2 Bxc3 11. Qxc3 Nc5 12. b4 Nce4 13. Qc2 a5 14. Ng5 Nxg5 15. Bxb7 Rb8 16. Bg2 Nf7 17. bxa5 bxa5 18. Ba3 Re8 19. Rfd1 Qc8 20. Bb2 e5 21. c5 c6 22. e3 Qc7 23. Rab1 Rb7 24. h4 Reb8 25. Bf1 Re8 26. Bc4 Kf8 27. Bb3 Rbb8 28. Rd2 Re7 29. Rc1 Qa7 30. Ba3 Ke8 31. Rd6 Nxd6 32. cxd6 Rxb3 33. axb3 Re6 34. e4 Qa6 35. f3 Nh5 36. Kf2 Qb5 37. Qc4 Qxc4 38. bxc4 Kf7 39. Rb1 Re8 40. Rb7 Ke6 41. Ra7 Rb8 42. Rxa5 Rb1 43. f4 Nf6 44. Rxe5+ Kf7 45. Re7+ Kf8 46. e5 Ne4+ 47. Kg2 Rb3 48. e6 Rxg3+ 49. Kf1 Nf6 50. exd7 Nxd7 51. Rxd7 Rxa3 52. Rc7 Ke8 53. c5 Rf3+ 54. Kg2 Rxf4 55. Kg3 Rc4 56. Rxc6 h5 57. Rc8+ Kd7 58. Rc7+ Kd8 59. c6 g5 60. hxg5 Rg4+ 61. Kh3 Rxg5 62. Ra7 Ke8 63. Ra8+ 1-0